Thông điệp nữ quyền trong tiểu thuyết của Thiết Ngưng /
Wedi'i Gadw mewn:
| Prif Awdur: | |
|---|---|
| Awduron Eraill: | |
| Fformat: | Erthygl |
| Iaith: | Vietnamese |
| Pynciau: | |
| Tagiau: |
Ychwanegu Tag
Dim Tagiau, Byddwch y cyntaf i dagio'r cofnod hwn!
|
| Thư viện lưu trữ: | Thư viện Trường Đại học Đà Lạt |
|---|
| LEADER | 00848nam a2200277 4500 | ||
|---|---|---|---|
| 001 | DLU200194982 | ||
| 005 | ##20200924 | ||
| 040 | # | # | |a DLU |b vie |
| 041 | # | # | |a vie |
| 044 | # | # | |a vn |
| 100 | # | # | |a Dương Tuấn Anh. |
| 245 | # | # | |a Thông điệp nữ quyền trong tiểu thuyết của Thiết Ngưng / |c Dương Tuấn Anh, Đào Văn Lưu. |
| 653 | # | # | |a Biến đổi khí hậu |
| 653 | # | # | |a Lịch sử môi trường |
| 653 | # | # | |a Nhà Minh |
| 653 | # | # | |a Thiên tai |
| 700 | # | # | |a Đào Văn Lưu. |
| 773 | # | # | |t Nghiên cứu Trung Quốc |g Số 8(204), 2018, tr. 67-73 |
| 920 | # | # | |a Phòng Tạp chí -- Trung tâm Thông tin - Thư viện Trường Đại học Đà Lạt |
| 900 | # | # | |a True |
| 911 | # | # | |a Nguyễn Thị Thu Phương |
| 925 | # | # | |a G |
| 926 | # | # | |a A |
| 927 | # | # | |a BB |
| 980 | # | # | |a Thư viện Trường Đại học Đà Lạt |